000 00262nam a2200121 i 4500
001 bg
245 0 _aOtchody atomnoj promyšlennosti.
260 _aMoskva,
_c1963.
040 _cBPK
041 _apol
942 _cKS
008 s pl f |000 0 pol
999 _c12713
_d12713
856 _uhttp://koha.tu.koszalin.pl/cgi-bin/koha/opac-detail.pl?biblionumber=12713
_yKatalog online BPK